Piłkarska kariera Fernando Hierro. - Statystyki

Ogólne statystyki
  • Ten quiz został rozwiązany 37 razy
  • Średni wynik to 1 z 5
Statystyki odpowiedzi
Lata Drużyna % Poprawnych
1989-2003 Real Madryt
100%
2004-2005 Bolton
16%
1987-1989 Real Valladolid
16%
2003-2004 Al-Rayyan
3%
?-1987 Real Valladolid B
3%
Nie znaleziono quizów pasujących do podanych kryteriów
Rozkład punktacji
Procent ludzi z każdym wynikiem
Percentyl według liczby udzielonych odpowiedzi
Twoja historia wyników
Nie rozwiązałeś tego quizu